Le cinque vite di Lisetta Carmi /
Saved in:
| Hovedforfatter: | |
|---|---|
| Format: | Bog |
| Sprog: | italiensk |
| Udgivet: |
Roma :
Contrasto,
2023
|
| Serier: | In parole
|
| Fag: | |
| Tags: |
Ingen Tags, Vær først til at tagge denne postø!
|
MARC
| LEADER | 00000nam a2200000 i 4500 | ||
|---|---|---|---|
| 001 | IT\ICCU\RCA\0871254 | ||
| 003 | ItRI | ||
| 005 | 20260115232135.0 | ||
| 008 | 230818s2023 it |||||| ||||| |||||c | ||
| 015 | |2 IT |a 2024-3276 | ||
| 020 | |a 9788869659232 | ||
| 040 | |b ita |c importazione bologna sebina | ||
| 041 | 7 | |a ita |2 ISO-639-2 | |
| 082 | |a 770.92 |9 FOTOGRAFIA. Persone |2 23 | ||
| 100 | 1 | |a Calvenzi, Giovanna |0 IT\ICCU\CFIV\053561 | |
| 240 | 1 | 3 | |a Le cinque vite di Lisetta Carmi |3 IT\ICCU\BCT\0009834 |9 Calvenzi, Giovanna |
| 245 | 1 | 3 | |a Le cinque vite di Lisetta Carmi / |c Giovanna Calvenzi. |
| 260 | |a Roma : |b Contrasto, |c 2023 | ||
| 300 | |a 183 p. : |b ill. ; |c 23 cm | ||
| 650 | 7 | |a Carmi, Lisetta |x Biografie |2 nsbncf | |
| 830 | 0 | |a In parole |0 IT\ICCU\RAV\2132418 | |
| 942 | |2 ddc |c BK |n 0 | ||
| 952 | |0 0 |1 0 |4 0 |6 DOC_770_920000000000000_CAL |7 0 |9 20760 |a BO |b BO |d 2026-01-15 |i 20289 |l 0 |o DOC 770.92 CAL |p BO20289 |r 2026-01-15 23:21:35 |w 2026-01-15 |x [Sebina 5] [1 v.] |y BK |z 1 v. | ||
| 999 | |c 17737 |d 17737 | ||